Les plus hautes montagnes de la Cordillère des Andes - Statistiques

Statistiques générales
  • Ce quiz a été pris 14 fois
  • Le résultat moyen est 2 sur 15
Statistiques - réponses
Altitude (en m) Réponse % Correct
6 962 Aconcagua
100%
6 768 Huascarán
38%
6 893 Nevado Ojos del Salado
23%
6 621 Incahuasi
8%
6 739 Llullaillaco
8%
6 542 Nevado Sajama
8%
6 749 Nevado Tres Cruces
8%
6 659 Cazadero
0%
6 759 Cerro Bonete Chico
0%
6 720 Cerro Mercedario
0%
6 532 El condór
0%
6 789 El Muerto
0%
6 792 Monte Pissis
0%
6 570 Tupungato
0%
6 635 Yerupajá
0%
Aucun quiz correspondant
Distribution des résultats
% des personnes avec chaque résultat
Percentile par nombre de réponses
Votre historique - résultats
Vous n’avez pas pris ce quiz